History of petroleum engineering : (Record no. 25753)
[ view plain ]
| 000 -LEADER | |
|---|---|
| fixed length control field | 00864cam a22002175a 4500 |
| 001 - CONTROL NUMBER | |
| control field | AAY9024FW |
| 001 - CONTROL NUMBER | |
| control field | ALM1508BB |
| 005 - DATE AND TIME OF LATEST TRANSACTION | |
| control field | 20171220114240.0 |
| 008 - FIXED-LENGTH DATA ELEMENTS--GENERAL INFORMATION | |
| fixed length control field | 730904s1961 nyua frb f00110 enged |
| 040 ## - CATALOGING SOURCE | |
| Original cataloging agency | DLC |
| Transcribing agency | CSU |
| Modifying agency | m.c. |
| -- | SER |
| -- | EG-ScBUE |
| Language of cataloging | eng |
| 082 04 - DEWEY DECIMAL CLASSIFICATION NUMBER | |
| Classification number | 622.3382 |
| Edition number | 22 |
| Item number | HIS |
| 110 20 - MAIN ENTRY--CORPORATE NAME | |
| Corporate name or jurisdiction name as entry element | American Petroleum Institute. |
| Subordinate unit | Division of Production. |
| 245 10 - TITLE STATEMENT | |
| Title | History of petroleum engineering : |
| Remainder of title | a publication of the American Petroleum Institute / |
| Statement of responsibility, etc | sponsored by the Executive Committee on Drilling and Production Practice of the Institute's Division of Production. |
| 260 1# - PUBLICATION, DISTRIBUTION, ETC. (IMPRINT) | |
| Place of publication, distribution, etc | New York : |
| Name of publisher, distributor, etc | American Petroleum Institute, |
| Date of publication, distribution, etc | 1961. |
| 300 ## - PHYSICAL DESCRIPTION | |
| Extent | ix, 1241 p. : |
| Other physical details | ill. ; |
| Dimensions | 26 cm. |
| 504 ## - BIBLIOGRAPHY, ETC. NOTE | |
| Bibliography, etc | Includes bibliographical references and index. |
| 650 #7 - SUBJECT ADDED ENTRY--TOPICAL TERM | |
| Topical term or geographic name as entry element | Petroleum engineering |
| General subdivision | History. |
| Source of heading or term | BUEsh |
| 651 ## - SUBJECT ADDED ENTRY--GEOGRAPHIC NAME | |
| Source of heading or term | BUEsh |
| 653 ## - INDEX TERM--UNCONTROLLED | |
| Resource For college | Generalities |
| Arrived date list | December2017 |
| 942 ## - ADDED ENTRY ELEMENTS (KOHA) | |
| Source of classification or shelving scheme | Dewey Decimal Classification |
| Withdrawn status | Item status | Source of classification or shelving scheme | Damaged status | Not for loan | Home library | Current library | Date acquired | Total Checkouts | Full call number | Barcode | Date last seen | Koha item type |
|---|---|---|---|---|---|---|---|---|---|---|---|---|
| Dewey Decimal Classification | Central Library | Central Library | 20/12/2017 | 622.3382 HIS | 000046949 | 15/07/2025 | Book - Borrowing |